Armstrong's handbook of human resource management practice

Salvato in:
Dettagli Bibliografici
Autore principale: Armstrong, Michael
Natura: Libro
Lingua:inglese
Pubblicazione: London Kogan Page 2012
Edizione:12th ed.
Soggetti:
Tags: Aggiungi Tag
Nessun Tag, puoi essere il primo ad aggiungerne!!

MARC

LEADER 00000nam a2200000 4500
001 0178782
005 20230109114415.2
020 |a 978-0-7494-6550-6 
041 0 |a eng 
044 |a GB 
245 1 0 |a Armstrong's handbook of human resource management practice  |c Michael Armstrong 
250 |a 12th ed. 
264 1 |a London  |b Kogan Page  |c 2012 
300 |a 752 s. 
610 2 0 |a zdroje ľudské 
610 2 0 |a riadenie ľudských zdrojov 
610 2 0 |a organizácie 
610 2 0 |a vzdelávanie 
610 2 0 |a riadenie výkonov 
610 2 0 |a zamestnanci 
610 2 0 |a miesta pracovné 
610 2 0 |a odmeny 
610 2 0 |a zručnosti 
610 2 0 |a pracovníci riadiaci 
610 2 0 |a správanie organizačné 
100 1 |a Armstrong, Michael